000 00354nam a2200133Ia 4500
008 240624s9999 xx 000 0 und d
041 _aeng
082 _a425 SET
100 _aSETHI J
245 _aHANDBOOK OF PRONUNCIATION OF ENGLISH WOR
260 _c2006
_aNew Delhi
_bPrentice-Hall of India
300 _aviii, : 101 : p. : cm. ; 24
365 _cRS
_b36
999 _c7449
_d7449